Inovácie a ich význam v produktovej politike
Inovácie predstavujú jeden z najlepších nástrojov ako udržať a zlepšiť konkurencieschopnosť podnikov v lokálnom aj globálnom podnikateľskom prostredí. Identifikovanie prínosu inovačných procesov v rámci produktovej politiky, ktorá je súčasťou organizácie so zavedeným systémom manažérstva.
Salvato in:
| Autore principale: | |
|---|---|
| Natura: | Capitolo di libro |
| Lingua: | slovacco |
| Soggetti: | |
| Tags: |
Nessun Tag, puoi essere il primo ad aggiungerne!!
|
MARC
| LEADER | 00000nla a2200000 4500 | ||
|---|---|---|---|
| 001 | 0213621 | ||
| 005 | 20240502073550.8 | ||
| 041 | 0 | |a slo | |
| 044 | |a SK | ||
| 245 | 1 | 0 | |a Inovácie a ich význam v produktovej politike |c Marta Karkalíková |
| 520 | |a Inovácie predstavujú jeden z najlepších nástrojov ako udržať a zlepšiť konkurencieschopnosť podnikov v lokálnom aj globálnom podnikateľskom prostredí. Identifikovanie prínosu inovačných procesov v rámci produktovej politiky, ktorá je súčasťou organizácie so zavedeným systémom manažérstva. | ||
| 610 | 2 | 0 | |a manažment produktový |
| 610 | 2 | 0 | |a inovácia výrobkov |
| 610 | 2 | 0 | |a tovaroznalectvo |
| 610 | 2 | 0 | |a riadenie kvality |
| 610 | 2 | 0 | |a materiály nové |
| 610 | 2 | 0 | |a produkty |
| 610 | 2 | 0 | |a konkurencieschopnosť |
| 100 | 1 | |a Karkalíková, Marta | |